The attacker's advantage : turning uncertainty into breakthrough opportunities (Record no. 279611)

MARC details
000 -LEADER
fixed length control field 00523nam a2200169Ia 4500
005 - DATE AND TIME OF LATEST TRANSACTION
control field 20241114170339.0
008 - FIXED-LENGTH DATA ELEMENTS--GENERAL INFORMATION
fixed length control field 240126s9999 xx 000 0 und d
020 ## - INTERNATIONAL STANDARD BOOK NUMBER
International Standard Book Number 9781610395687
082 ## - DEWEY DECIMAL CLASSIFICATION NUMBER
Classification number 658.4012 CHA;1 R
100 ## - MAIN ENTRY--PERSONAL NAME
Personal name Charan, Ram.
245 #4 - TITLE STATEMENT
Title The attacker's advantage : turning uncertainty into breakthrough opportunities
260 ## - PUBLICATION, DISTRIBUTION, ETC. (IMPRINT)
Name of publisher, distributor, etc. Public Affairs
Place of publication, distribution, etc. New York
Date of publication, distribution, etc. 2015
300 ## - PHYSICAL DESCRIPTION
Extent ix, 228
440 ## - SERIES STATEMENT/ADDED ENTRY--TITLE
Title NULL
650 ## - SUBJECT ADDED ENTRY--TOPICAL TERM
Topical term or geographic name as entry element attacker's,advantage,turning,uncertainty,breakthrough,opportunities
942 ## - ADDED ENTRY ELEMENTS (KOHA)
Koha item type PESU Books
Holdings
Date last seen Total Checkouts Full call number Accession number Old discount Volume/Issue Number Cost, replacement price Price effective from Category Lost status Damaged status Department Withdrawn status bill no. Permanent Location Current Location Shelving location Entry date Vendor Cost, normal purchase price Grants Currency symbol Conversion rate Discount Discount type
26/01/2024   658.4012 CHA;1 R PU6339 28 (07/07/1905) 575.28 26/01/2024 PESU Books     Central Library   823/16-17 Central Library Central Library Central Library 10/12/2016 Surya Book Supplier 799.00 GEN RS 1 223.72 Rupees

© For any Suggestions or Query, please contact the library staff @ librarian@pes.edu or Phone: +9180 2672 1983/ 2108.